000 00834nam a2200205 i 4500
001 182947
003 ES-MaACL
005 20250627063702.0
008 131217s1781 fr |||| | fre d
100 1 _aRomme, Nicolas Charles,
_d1745-1805
_9153975
245 1 2 _aL'art de la voilure /
_cpar M. Romme.
260 _a[Paris] :
_bDe l'Imprimerie de Moutard,
_c1781.
300 _a68 p., 9 lám. ;
_c46 cm.
530 _aDisponible en formato digital.
594 _aPertenece a: "Descriptions des arts et mètiers faites ou approuvées par ... l'Académie Royale des Sciences". Paris: chez Desaint & Saillant, 1761-1789 (Brunet, 10217)
650 4 _aNavegación.
_9136583
852 4 _aES-MaACL
_jR-2051. Olim: C-10820.
856 4 _uhttp://catalogue.bnf.fr/ark:/12148/cb31241397z
_zBNF-Gallica
999 _c182947
_d182947